00497nam a2200205Ia 450000500170000000800460001702000180006303700100008104000080009104000080009904000080010704100080011504100080012308400080013124500400013926000330017926000090021265000210022185600490024220260306150825.0008 260114s9999 xx 000 0 eng d a9783964560131 aEbook aCRL beng cCRL 2eng aeng qCRL 0aLas vanguardias literarias en Chile bVervuert Verlagsgesellschaft c2009 aLiterary Studies uhttps://www.degruyter.com/isbn/9783964560131